Функции дизайна в задачах управления мотивацией; Молодежь и современные информационные технологии

Opis bibliograficzny
Parent link:Молодежь и современные информационные технологии.— 2020.— [С. 386-387]
1. autor: Козаченко Е. Е. Екатерина Евгеньевна
Korporacja: Национальный исследовательский Томский политехнический университет Инженерная школа информационных технологий и робототехники Отделение автоматизации и робототехники
Kolejni autorzy: Шкляр А. В. Алексей Викторович (научный руководитель)
Streszczenie:Заглавие с титульного экрана
Język:rosyjski
Wydane: 2020
Seria:Компьютерная графика и дизайн
Hasła przedmiotowe:
Dostęp online:http://earchive.tpu.ru/handle/11683/62132
Format: Elektroniczne Rozdział
KOHA link:https://koha.lib.tpu.ru/cgi-bin/koha/opac-detail.pl?biblionumber=631236

MARC

LEADER 00000naa2a2200000 4500
001 631236
005 20231101133642.0
035 |a (RuTPU)RU\TPU\conf\32935 
035 |a RU\TPU\conf\32934 
090 |a 631236 
100 |a 20200703d2020 k y0rusy50 ca 
101 0 |a rus 
102 |a RU 
105 |a y z 101zy 
135 |a drgn ---uucaa 
181 0 |a i  
182 0 |a b 
200 1 |a Функции дизайна в задачах управления мотивацией  |f Е. Е. Козаченко  |g науч. рук. А. В. Шкляр 
203 |a Текст  |c электронный 
225 1 |a Компьютерная графика и дизайн 
230 |a 1 компьютерный файл (pdf; 404 Кb) 
300 |a Заглавие с титульного экрана 
320 |a [Библиогр.: с. 387 (4 назв.)] 
463 0 |0 (RuTPU)RU\TPU\conf\32807  |t Молодежь и современные информационные технологии  |o сборник трудов XVII Международной научно-практической конференции студентов, аспирантов и молодых учёных, 17-20 февраля 2020 г., г. Томск  |f Национальный исследовательский Томский политехнический университет, Инженерная школа информационных технологий и робототехники ; под ред. Д. М. Сонькина [и др.]  |v [С. 386-387]  |d 2020 
610 1 |a электронный ресурс 
610 1 |a труды учёных ТПУ 
610 1 |a функции 
610 1 |a дизайн 
610 1 |a задачи управления 
610 1 |a мотивация 
610 1 |a промышленный дизайн 
610 1 |a психология обучения 
700 1 |a Козаченко  |b Е. Е.  |c специалист в области дизайна  |c ассистент кафедры Томского политехнического университета  |f 1995-  |g Екатерина Евгеньевна  |2 stltpush  |3 (RuTPU)RU\TPU\pers\47454 
702 1 |a Шкляр  |b А. В.  |c специалист в области информатики и вычислительной техники  |c старший преподаватель Томского политехнического университета  |f 1970-  |g Алексей Викторович  |2 stltpush  |4 727 
712 0 2 |a Национальный исследовательский Томский политехнический университет  |b Инженерная школа информационных технологий и робототехники  |b Отделение автоматизации и робототехники  |h 7952  |2 stltpush  |3 (RuTPU)RU\TPU\col\23553 
801 2 |a RU  |b 63413507  |c 20230117  |g RCR 
856 4 |u http://earchive.tpu.ru/handle/11683/62132 
942 |c BK